Movies Quiz

Random Movies or Actor Quiz

Famous Females' Co-Stars Quiz Stats

 Plays Quiz Updated Jun 7, 2018

Challenge
Share
Tweet
Embed
Score 0/45 Timer 09:00
3 Plays Today
% Correct
Mr. & Mrs. Smith
89.2%
The Silence of the Lambs
81.7%
Jerry Maguire
66.2%
Walk the Line
66.1%
The Proposal
59.4%
Lost in Translation
55.6%
Moulin Rouge!
53.1%
Australia
52.3%
Shallow Hal
50.2%
Gone in Sixty Seconds
49.2%
Me, Myself & Irene
48.3%
Speed
47.2%
Chicago
45.3%
Cruel Intentions
45.3%
The Tourist
44.1%
The Avengers
43%
Wanted
42.2%
Taxi Driver
40.5%
Se7en
40%
Batman Forever
37.7%
Contact
34%
Election
32.2%
Shakespeare in Love
31.2%
% Correct
The Bone Collector
30.8%
Cold Mountain
30.7%
Panic Room
30.5%
Cinderella Man
26.2%
Demolition Man
24.5%
Vicky Cristina Barcelona
24.2%
The Italian Job
23.4%
The Cider House Rules
22.9%
The Devil's Advocate
20.7%
American Psycho
19.9%
He's Just Not That Into You
19.2%
Prometheus
16.9%
Iron Man
15.6%
We Bought a Zoo
14.2%
Leatherheads
12.1%
Crash
11.1%
Extremely Loud & Incredibly Close
10.9%
The Royal Tenenbaums
9.4%
The Road
8.4%
Little Nicky
7.5%
Carnage
6.6%
Dogville
4.2%

You're not logged in!

Compare scores with friends on all Sporcle quizzes.
OR
Log In

You Might Also Like...

Show Comments

Extras

Top Quizzes Today


Score Distribution

Your Account Isn't Verified!

In order to create a playlist on Sporcle, you need to verify the email address you used during registration. Go to your Sporcle Settings to finish the process.

Report this User

Report this user for behavior that violates our Community Guidelines.

Details: